| 000 | 00585 a2200205 4500 | ||
|---|---|---|---|
| 001 | 61070 | ||
| 005 | 20260407155901.0 | ||
| 008 | 260407a1978 arg spa d | ||
| 003 | AR-UNSa-BCEJYS | ||
| 040 |
_aAR-UNSa-BCEJYS _bspa _cAR-UNSa-BCEJYS |
||
| 080 |
_a343(094.4) _xCódigo Penal |
||
| 245 | 1 | 0 |
_aComentarios al Código Penal _pParte especial |
| 264 | 1 |
_aBuenos Aires : _bEdiciones Depalma _c1978 |
|
| 300 |
_a362 p. _c23 cm. |
||
| 041 | _aspa | ||
| 942 | _cBK | ||
| 590 | _aniveau_biblio:m niveau_hierar:0 | ||
| 100 | 1 | _aLaje Anaya, Justo | |
| 700 | 1 | _aArgentina (Código Penal) | |
| 999 |
_c7199 _d7199 |
||